Word Ladder: Seuss Books Quiz Stats

Quiz Updated Feb 12, 2015

Challenge
Share
Tweet
Embed
Score 0/43 Timer 04:00
3 Plays Today
Clue 3-Letter Word % Correct
Very warmHOT
97.5%
'[11] the Grinch Stole Christmas'HOW
92.7%
'The [1] in the [2]'CAT
92.6%
'The [1] in the [2]'HAT
92.6%
Sound of a Batman punchPOW
92.4%
Female pigSOW
91.4%
'[39] Fish, [29] Fish, [23] Fish, Blue Fish'RED
90.9%
'[39] Fish, [29] Fish, [23] Fish, Blue Fish'ONE
88.8%
'[39] Fish, [29] Fish, [23] Fish, Blue Fish'TWO
88.4%
'And to Think That I [8] It on Mulberry Street'SAW
88.4%
'Marvin K. Mooney Will You Please Go [10]!'NOW
87.2%
'Horton Hears a [34]'WHO
86.1%
Slangy denialNAW
85.2%
Yoko ONO
83.9%
AlsoTOO
82.9%
Document-sending technologyFAX
82.2%
Stimpy's cartoon partnerREN
82%
Prohibit legallyBAN
80.9%
'Horton Hatches an [43]EGG
80.7%
A levy by the govermentTAX
80.7%
'[17] in Socks'FOX
79.7%
Good, in FrenchBON
77.8%
Clue 3-Letter Word % Correct
The self, psychologicallyEGO
77.2%
Brewed beverageTEA
76.5%
SparBOX
76.1%
Last letter in the USZEE
76%
'If I [21] the [27]'RAN
75.4%
Defunct airlineTWA
73.2%
Last letter in the UKZED
73.2%
Actress Saldana of 'Avatar'ZOE
73.2%
'If I [21] the [27]'ZOO
70.1%
'[4] on [5]'HOP
67.1%
'[4] on [5]'POP
66.8%
Cut down a treeHEW
66.1%
A curseHEX
64.6%
Famed cartoonist Avery TEX
62.4%
67.5° on a compassENE
62.1%
Hong Kong director JohnWOO
60.3%
Brian the music producerENO
60%
___-Caps; sugar coated candiesSNO
59.1%
Manti of the ChargersTE'O
56%
Vietnam's Le Duc ___THO
53.3%
___ Locks in MichiganSOO
46%

Today's Daily Dose

You're not logged in!

Compare scores with friends on all Sporcle quizzes.
Sign Up with Email
OR
Log In

You Might Also Like...

Show Comments

Extras

Top Quizzes Today


Score Distribution

Your Account Isn't Verified!

In order to create a playlist on Sporcle, you need to verify the email address you used during registration. Go to your Sporcle Settings to finish the process.